Statistics for Lamb of God albums

Click here to take the quiz!

General Stats

  • This quiz has been taken 33 times
  • The average score is 7 of 8

Answer Stats

YearAlbum% Correct
2009Wrath
97%
2006Sacrament
93%
2004Ashes of the Wake
86%
2003As the Palaces Burn
83%
2000New American Gospel
79%
2012Resolution
79%
2015VII: Sturm und Drang
72%
1999Burn the Priest
69%

Score Distribution

Percentile by Number Answered

Percent of People with Each Score

Your Score History

You have not taken this quiz